Ganado lechero: principios, prácticas, problemas y beneficios / Donald L. Bath; [et. ál] (Record no. 216843)
[ view plain ]
| 000 -CABECERA | |
|---|---|
| campo de control de longitud fija | 01102nam a2200241Ia 4500 |
| 001 - NÚMERO DE CONTROL | |
| campo de control | Z_996 |
| 008 - DATOS DE LONGITUD FIJA--INFORMACIÓN GENERAL | |
| campo de control de longitud fija | 220601s9999 xx 000 0 und d |
| 020 ## - NÚMERO INTERNACIONAL ESTÁNDAR DEL LIBRO | |
| Número Internacional Estándar del Libro | 968-25-0782-0 |
| 082 ## - NÚMERO DE LA CLASIFICACIÓN DECIMAL DEWEY | |
| Número de clasificación | 636.214 B38y 1993 |
| 100 ## - ENTRADA PRINCIPAL--NOMBRE DE PERSONA | |
| Nombre de persona | Bath, Donald L. |
| 9 (RLIN) | 10806 |
| 245 ## - MENCIÓN DE TÍTULO | |
| Título | Ganado lechero: principios, prácticas, problemas y beneficios / Donald L. Bath; [et. ál] |
| 250 ## - MENCIÓN DE EDICIÓN | |
| Mención de edición | 3a ed. |
| 260 ## - PUBLICACIÓN, DISTRIBUCIÓN, ETC. | |
| Lugar de publicación, distribución, etc. | México: Interamericana |
| 300 ## - DESCRIPCIÓN FÍSICA | |
| Extensión | 2 v. |
| 500 ## - NOTA GENERAL | |
| Nota general | Primera edición en español 1993.Traducción y adaptación de la segunda edición en inglés de la obra: Dairy cattlle: principles, practices, problems, profits.Traducción de: Contín Sanz, Agustín; Revición técnica: Dr. González Muñoz,Sergio. |
| 650 ## - PUNTO DE ACCESO ADICIONAL DE MATERIA--TÉRMINO DE MATERIA | |
| Término de materia o nombre geográfico como elemento de entrada | 1. Ganado lechero |
| 9 (RLIN) | 152229 |
| 700 ## - PUNTO DE ACCESO ADICIONAL--NOMBRE DE PERSONA | |
| Nombre de persona | I. Dickinson, Frank N., coautor II. Tucker, H. Allen, coautor III. Appleman, Robert D., coautor IV. Contín Sanz, Agustín, traductor V. González Muñoz, Sergio, revición técnica.Ì |
| 9 (RLIN) | 177783 |
| 901 ## - ELEMENTOS DE DATOS A LOCAL LDA (RLIN) | |
| a | 636.214 B38Y 1993 |
| 902 ## - ELEMENTOS DE DATOS B LOCAL, LDB (RLIN) | |
| a | M |
| 905 ## - ELEMENTOS DE DATOS E LOCAL, LDE (RLIN) | |
| a | 0000001993 mx admn00000000000 00 |
| 942 ## - ELEMENTOS DE PUNTO DE ACCESO ADICIONAL (KOHA) | |
| Tipo de ítem Koha | Libro_ |
| Estado de retiro | Estado de pérdida | Fuente del sistema de clasificación o colocación | Estado dañado | No para préstamo | Código de colección | Localización permanente | Ubicación/localización actual | Ubicación en estantería | Fecha de adquisición | Enumeración/cronología de publicación seriada | Total de préstamos | Código de barras | Fecha visto por última vez | Fecha del último préstamo | Número de copia | Precio válido a partir de | Tipo de ítem Koha |
|---|---|---|---|---|---|---|---|---|---|---|---|---|---|---|---|---|---|
| Dewey Decimal Classification | General | Zootecnia | Zootecnia | 07/07/2011 | Volumen: 2 | 7 | z_0243 | 15/11/2024 | 15/11/2024 | 1 | 02/06/2022 | Libro | |||||
| Dewey Decimal Classification | General | Zootecnia | Zootecnia | 09/11/2005 | Volumen: 1 | 7 | z_0241 | 08/09/2025 | 08/09/2025 | 1 | 02/06/2022 | Libro |
